000 00397nam a2200169Ia 4500
001 12564
003 IN-NITTTR
005 20251114233117.0
008 251113s9999||||xx |||||||||||||| ||eng||
040 _beng
040 _cIN-NITTTR
041 _aeng
082 _a770 T971U
100 _aTyler, Parker
245 0 _aUnderground film :
_b a critical history /
_cTyler, Parker
942 _2ddc
_cBK
999 _c15200
_d15200